000 00576nam a2200193 a 4500
001 000023701
005 20200930022411.0
008 101220s1978 ve r 000 | spa d
040 _aDO-SdBNP
_bspa
_cBNPHU
082 _axxx
_bP227d
100 1 _aPareles, Pedro Miguel
_948817
245 1 0 _aControl y descontrol del poder :
_bsus efectos en el campo económico /
_cPedro Miguel Pareles.
260 _aCaracas :
_bMonte Avila ,
_c1978.
300 _a195 p. ;
_c18 cm.
490 _aEstudios
500 _aIncluye bibliografía
830 0 _aEstudios ;
_93854
049 _aBNGR
999 _c23197
_d23197